[Event "Sufe Cup"]
[Site "Shanghai CHN"]
[Date "2000.03.10"]
[Round "8"]
[White "Aung Aung"]
[Black "Ye Jiangchuan"]
[Result "0-1"]
[WhiteElo "2595"]
[BlackElo "2616"]

1.e4 c5 2.c3 Nf6 3.e5 Nd5 4.d4 cxd4 5.cxd4 e6 6.Nf3 d6 7.Bb5+ Bd7 8.Bxd7+ Nxd7
9.O-O Be7 10.Nbd2 dxe5 11.dxe5 Qc7 12.Qe2 O-O 13.Nb3 Rac8 14.Nbd4 Qc4 15.Qxc4 Rxc4
16.b3 Rc7 17.Bb2 Rfc8 18.Rfd1 a6 19.Kf1 g6 20.Rac1 Rxc1 21.Rxc1 Rxc1+ 22.Bxc1 Nb4
23.Ba3 Nb6 24.Nc2 N6d5 25.Nxb4 Bxb4 26.Bxb4 Nxb4 27.a3 Nd3 28.b4 Kf8 29.g3 Ke7
30.Ke2 Nb2 31.Nd2 Kd7 32.f4 Kc6 33.Ne4 Nc4 34.a4 h6 35.a5 Kb5 36.g4 Kxb4
37.Nd6 Nxa5 38.Nxf7 Nc6 39.Nxh6 a5 40.f5 a4 41.fxg6 a3 42.Nf5 exf5 43.g7 Ne7
44.gxf5 a2 45.f6 a1=Q 46.fxe7 Qxe5+ 47.Kd3 Qd5+ 48.Kc2 Qf7  0-1

[Event "33rd 8th March Women's It"]
[Site "Belgrade YUG"]
[Date "2000.03.12"]
[Round "9"]
[White "Maric,M"]
[Black "Bojkovic,N"]
[Result "1/2-1/2"]
[WhiteElo "2324"]
[BlackElo "2423"]

1.e4 c5 2.c3 Nf6 3.e5 Nd5 4.d4 cxd4 5.Nf3 Nc6 6.cxd4 d6 7.Bc4 e6 8.O-O Nb6
9.Bb5 Bd7 10.Nc3 a6 11.Bd3 Nb4 12.Be4 Bc6 13.Bg5 Qd7 14.Bxc6 Qxc6 15.Rc1 h6
16.Bh4 Qd7 17.Qb3 a5  1/2-1/2

[Event "Ciocaltea Mem"]
[Site "Bucharest ROM"]
[Date "2000.03.15"]
[Round "3"]
[White "Szabo,G ROM"]
[Black "Rogozenko,D"]
[Result "1-0"]
[WhiteElo "2399"]
[BlackElo "2562"]

1.e4 c5 2.c3 Nf6 3.e5 Nd5 4.d4 cxd4 5.Nf3 Nc6 6.Bc4 Nb6 7.Bb3 d5 8.exd6 Qxd6
9.Na3 dxc3 10.Qxd6 exd6 11.Nb5 Rb8 12.bxc3 a6 13.Be3 Na8 14.Nbd4 Nc7 15.O-O-O Na5
16.Rhe1 Nxb3+ 17.axb3 Be7 18.Bf4 Ne6 19.Bg3 g6 20.c4 O-O 21.c5 Nxd4 22.Rxd4 Be6
23.cxd6 Bf6 24.Be5 Rbc8+ 25.Kb2 Bxe5 26.Rxe5 Rfd8 27.Ng5 Bf5 28.Re7 Rc2+
29.Ka3 Rxf2 30.Nxf7 Rb8 31.Nh6+ Kf8 32.Rf7+  1-0

[Event "55th ch-YUG"]
[Site "Subotica YUG"]
[Date "2000.03.16"]
[Round "1"]
[White "Kalezic,B"]
[Black "Ilincic,Z"]
[Result "1-0"]
[WhiteElo "2403"]
[BlackElo "2554"]

1.e4 c5 2.c3 Nf6 3.e5 Nd5 4.d4 cxd4 5.Nf3 Nc6 6.Bc4 Nb6 7.Bb3 d6 8.exd6 Qxd6
9.O-O Be6 10.Bxe6 Qxe6 11.Nxd4 Qd7 12.Nxc6 Qxd1 13.Rxd1 bxc6 14.a4 e5 15.a5 Nd5
16.Nd2 O-O-O 17.Nc4 f6 18.Be3 Rd7 19.a6 Be7 20.Na5 Nxe3 21.fxe3 Rhd8 22.Rxd7 Kxd7
23.Kf2 Kc7 24.Ke2 e4 25.Ra4 f5 26.Rc4 c5 27.Ra4 Kb6 28.Ra1 Kb5 29.c4+ Kb6
30.Nb3 Rb8 31.Na5 Rd8 32.Nb3 Kc7 33.Ra5 Rb8 34.Nxc5 Rxb2+ 35.Kf1 g6 36.Ne6+ Kb6
37.Rd5 Rb1+ 38.Kf2 Rb2+ 39.Kg3 Rc2 40.Rb5+  1-0

[Event "Dos Hermanas Qualifier"]
[Site "Internet ICC"]
[Date "2000.03.18"]
[Round "1.1"]
[White "Vlassov,N"]
[Black "Pavlovic,Mi"]
[Result "1/2-1/2"]
[WhiteElo "2455"]
[BlackElo "2481"]

1.e4 c5 2.c3 Nf6 3.e5 Nd5 4.d4 cxd4 5.cxd4 d6 6.Nf3 Nc6 7.Bc4 e6 8.O-O Nb6
9.Bb5 Bd7 10.Qe2 a6 11.Bg5 Be7 12.Bxe7 Qxe7 13.Bd3 Nb4 14.exd6 Qxd6 15.Nc3 Nxd3
16.Qxd3 Bc6 17.Rfe1 h6 18.Ne4 Bxe4 19.Qxe4 Nd5 20.Rac1 O-O  1/2-1/2

[Event "Extraliga CZE"]
[Site "Ostrava CZE"]
[Date "2000.03.18"]
[Round "10"]
[White "Buchnicek,P"]
[Black "Sobek,J"]
[Result "1/2-1/2"]
[WhiteElo "2413"]
[BlackElo "2295"]

1.e4 c5 2.c3 Nf6 3.e5 Nd5 4.d4 cxd4 5.Nf3 e6 6.cxd4 b6 7.Nc3 Nxc3 8.bxc3 Be7
9.Bd3 Ba6 10.c4 d5 11.exd6 Qxd6 12.Be4 Nc6 13.Ba3 Qd7 14.Bxe7 Kxe7 15.Qa4 Bb7
16.O-O Rhd8 17.Qa3+ Qd6 18.c5 bxc5 19.dxc5 Qc7 20.Qc3 Kf8 21.Rac1 h6 22.Rfe1 Rac8
23.Bb1 Ba6 24.Qe3 Qe7 25.Qe4 Qf6 26.Qa4 Bd3 27.Bxd3 Rxd3 28.Red1 Rxd1+ 29.Rxd1 Qc3
30.Qa6 Rc7 31.Qb5 Qc2 32.Re1 Qxa2 33.Qd3 Qd5 34.Qh7 f6 35.Nh4 Ne7 36.Rb1 Kf7
37.h3 Rxc5 38.Re1 Qd2 39.Nf3 Qc2 40.Qxc2 Rxc2 41.Nd4 Rc5 42.Nxe6 Re5 43.Rxe5 fxe5
44.Nc5 a5 45.Kf1 Nd5 46.g3 Nc7 47.Ke1 Ne6 48.Nd7 e4 49.Kd2 a4 50.Kc3 Ke7
51.Nb6 a3 52.Nc4 a2 53.Kb2 Nc5 54.Kxa2 Nd3 55.Kb3 Nxf2 56.h4 h5 57.Ne3 Ke6
58.Kc3 Nh1 59.Nf1 Ke5 60.Kd2 Nf2 61.Ne3 Ng4 62.Ng2 Nf6 63.Nf4 Kf5 64.Ke3 Ng4+
65.Ke2 g6 66.Nd5 Ne5 67.Ne3+ Ke6 68.Ng2 Nd3 69.Ne3 Ke5 70.Kd2 Nc5 71.Ke2 Nb3
72.Ng2 Nd4+ 73.Kf2 Nc2 74.Ke2 Kf5 75.Kd2 Nb4 76.Ne3+ Ke5 77.Nc4+ Kd4 78.Nd6  1/2-1/2

[Event "55th ch-YUG"]
[Site "Subotica YUG"]
[Date "2000.03.18"]
[Round "3"]
[White "Markovic,Miros"]
[Black "Ilincic,Z"]
[Result "1/2-1/2"]
[WhiteElo "2586"]
[BlackElo "2554"]

1.e4 c5 2.c3 Nf6 3.e5 Nd5 4.d4 cxd4 5.Nf3 Nc6 6.Bc4 Nb6 7.Bb3 d6 8.exd6 Qxd6
9.Na3 a6 10.O-O e6 11.Qe2 dxc3 12.bxc3 Be7 13.Rd1 Qc7 14.c4 O-O 15.Nc2 Na5
16.Ne3 Bd7 17.Bd2 Nxb3 18.axb3 Nc8 19.Ng4 f6 20.Ba5 b6 21.Bc3 Rd8 22.Ne3 Bd6
23.h4 Ne7 24.h5 h6 25.b4 Be8 26.Bxf6 gxf6 27.Ng4 Kg7 28.Qxe6 Ng8 29.Ne3 Be5
30.Rxd8 Rxd8 31.Rxa6 Bxh5 32.Nxe5 Qxe5 33.Qxb6 Rd2 34.Ra7+ Bf7 35.Qc7 Qxc7
36.Rxc7 Kg6 37.g4 Rb2 38.Rb7 Rb3 39.Nf5 h5 40.Nd6 Be6 41.gxh5+ Kxh5 42.b5 Nh6
43.b6 Rb4 44.Rb8 Bxc4 45.Nxc4 Rxc4 46.Rf8  1/2-1/2

[Event "55th ch-YUG"]
[Site "Subotica YUG"]
[Date "2000.03.18"]
[Round "3"]
[White "Kalezic,B"]
[Black "Todorovic,GM"]
[Result "1/2-1/2"]
[WhiteElo "2403"]
[BlackElo "2426"]

1.e4 c5 2.c3 Nf6 3.e5 Nd5 4.d4 cxd4 5.Nf3 e6 6.cxd4 b6 7.Nc3 Nxc3 8.bxc3 Qc7
9.Bd2 Bb7 10.Ng5 Be7 11.Qg4 Bxg5 12.Qxg5 O-O 13.Bd3 Ba6 14.Bxa6 Nxa6 15.O-O Qc4
16.Qg3 f5 17.exf6 Rxf6 18.Rae1 Raf8 19.h4 Nc7 20.h5 Nd5 21.Re4 Qxa2 22.Bg5 R6f7
23.Rg4 Kh8 24.h6 g6 25.Bc1 Qe2 26.Ba3 Ne3 27.fxe3 Qxf1+ 28.Kh2 Re8 29.Bd6 Qf5
30.e4 Qf2 31.Qe5+ Kg8 32.Qh5 Rg7 33.Qg5 Rf7 34.Qh5 Rg7 35.Qg5 Rf7 36.Qh5 Rg7  1/2-1/2

[Event "Ciocaltea Mem"]
[Site "Bucharest ROM"]
[Date "2000.03.19"]
[Round "6"]
[White "Vajda,L"]
[Black "Marjanovic,S"]
[Result "1-0"]
[WhiteElo "2459"]
[BlackElo "2524"]

1.e4 c5 2.c3 Nf6 3.e5 Nd5 4.d4 cxd4 5.Nf3 e6 6.cxd4 b6 7.Nc3 Nxc3 8.bxc3 Qc7
9.Bd2 d6 10.Bd3 Nd7 11.O-O dxe5 12.Ng5 Bb7 13.Qh5 g6 14.Qh3 Be7 15.Rae1 a6
16.f4 exd4 17.Nxf7 dxc3 18.Qxe6 Nc5 19.Qf6 Rf8 20.Nd6+ Kd8 21.Nxb7+ Nxb7
22.Qxc3 Qxc3 23.Bxc3 Nc5 24.Bc4 Bf6 25.Bd2 Bd4+ 26.Kh1 Ra7 27.g4 Re7 28.f5 gxf5
29.Bh6 Rxe1 30.Rxe1 Re8 31.Rd1 Re4 32.Bg7  1-0

[Event "NED-chT"]
[Site "Leeuwarden NED"]
[Date "2000.03.19"]
[Round "6"]
[White "Deegens,V"]
[Black "Thesing,M"]
[Result "1-0"]
[WhiteElo "2313"]
[BlackElo "2444"]

1.e4 c5 2.c3 Nf6 3.e5 Nd5 4.d4 cxd4 5.Nf3 e6 6.cxd4 b6 7.Bd3 Bb4+ 8.Bd2 Bxd2+
9.Qxd2 Ba6 10.Nc3 Nxc3 11.bxc3 Bxd3 12.Qxd3 d5 13.O-O Nc6 14.Nd2 Na5 15.f4 g6
16.g4 Rc8 17.f5 Qg5 18.fxe6 Qxg4+ 19.Kh1 Qxe6 20.Rf6 Qd7 21.Rd6 Qa4 22.Rxd5 Qc6
23.Qf3 Qxc3 24.Qxc3 Rxc3 25.Ne4 Rc2 26.Nf6+ Kf8 27.Rd8+ Kg7 28.Nh5+ gxh5
29.Rg1+ Kh6 30.Rd6+  1-0

[Event "Extraliga CZE"]
[Site "Ostrava CZE"]
[Date "2000.03.19"]
[Round "11"]
[White "Jakubiec,A"]
[Black "Manik,M"]
[Result "1-0"]
[WhiteElo "2453"]
[BlackElo "2447"]

1.e4 c5 2.c3 Nf6 3.e5 Nd5 4.g3 Nc6 5.Bg2 e6 6.Qe2 d6 7.f4 dxe5 8.fxe5 Be7
9.Nf3 O-O 10.O-O b6 11.Na3 Bb7 12.d3 Qd7 13.Nc4 Rad8 14.Ng5 h6 15.Ne4 b5
16.Ncd6 Nxe5 17.Nxc5 Qxd6 18.Nxb7 Qb6+ 19.Kh1 Qxb7 20.Qxe5 Qd7 21.Qe2 b4
22.c4 Nb6 23.Rf3 Bc5 24.Be3 Na4 25.Bxc5 Nxc5 26.Rd1 Rfe8 27.Qe1 a5 28.a3 bxa3
29.Qxa5 Qa4 30.Qxa4 Nxa4 31.bxa3 Nb2 32.Rdf1 f5 33.c5 Rxd3 34.c6 Rc8 35.Rb1 Rxf3
36.Bxf3 Nc4 37.Rb7 Ne5 38.c7 Kf7 39.Be2 Ke7 40.Ba6 Kd7 41.Rb5 Rxc7 42.Rxe5 Ra7
43.Bb5+ Kd6 44.Re3 e5 45.Rd3+ Ke6 46.a4 e4 47.Ra3 g5 48.a5 f4 49.a6 Kd5 50.Kg2 Kc5
51.Bf1 Kd4 52.Kf2 h5 53.Ra4+  1-0

[Event "16th Spring Festival"]
[Site "Budapest HUN"]
[Date "2000.03.24"]
[Round "8"]
[White "Jamrich,G"]
[Black "Antok,D"]
[Result "1-0"]
[WhiteElo "2188"]
[BlackElo "2143"]

1.e4 c5 2.c3 Nf6 3.e5 Nd5 4.d4 cxd4 5.Nf3 d6 6.cxd4 Nc6 7.exd6 Qxd6 8.Nc3 e6
9.Bd3 Be7 10.O-O O-O 11.Ne4 Qd8 12.Bg5 b6 13.Rc1 Bb7 14.Bb1 Bxg5 15.Nfxg5 h6
16.Nf3 Rc8 17.a3 Qe7 18.Qd3 f5 19.Nc3 Rfd8 20.Rfe1 Qf6 21.Ba2 Nce7 22.g3 Kh8
23.Qe2 Nxc3 24.bxc3 Bd5 25.Bxd5 Nxd5 26.c4 Nc7 27.c5 b5 28.Rb1 Rd5 29.a4 a6
30.axb5 Nxb5 31.Qxe6 Qxe6 32.Rxe6 Nxd4 33.Nxd4 Rxd4 34.Rc1 Rd7 35.Rxa6 Rdc7
36.c6 Kg8 37.Rc5 g6 38.h4 h5 39.Rb6 Kf7 40.Rb7 Ke6 41.Rxc7 Rxc7 42.Kg2 Kd6
43.Rc1 Rxc6 44.Rxc6+ Kxc6 45.Kf3 Kd6 46.Kf4 Ke6 47.Kg5 Kf7 48.Kh6 f4 49.gxf4 Kf6
50.f3 Kf5 51.Kg7  1-0

[Event "Ciocaltea Mem"]
[Site "Bucharest ROM"]
[Date "2000.03.25"]
[Round "11"]
[White "Vajda,L"]
[Black "Rogozenko,D"]
[Result "1/2-1/2"]
[WhiteElo "2459"]
[BlackElo "2562"]

1.e4 c5 2.c3 Nf6 3.e5 Nd5 4.d4 cxd4 5.Nf3 Nc6 6.Bc4 Nb6 7.Bb3 d5 8.exd6 Qxd6
9.Na3 dxc3 10.Qe2 Bf5 11.Nb5 Qd7 12.Ne5 Nxe5 13.Qxe5 Rc8 14.O-O Nc4 15.Bxc4 Rxc4
16.Nxc3 e6 17.Re1 Rc5 18.Qg3 f6 19.Bf4 Kf7 20.Rad1 Qc6 21.Bd6 Rc4 22.h3 e5
23.Bxf8 Rxf8 24.Qe3 a6 25.Rd2 Rc8 26.Red1 Rc7 27.Rd5 Rd7 28.Rxd7+ Bxd7 29.Qd3 Rd4
30.Qxh7 Rxd1+ 31.Nxd1 f5 32.Qh5+ Kg8 33.Qg5 Be6 34.Ne3 Qd6 35.a3 b5 36.Qg6 Qc6
37.g4 Bd7 38.gxf5 Qxg6+ 39.fxg6 Bxh3 40.Nd5 Kf8 41.Nb4 Ke7 42.Nxa6 Kd6 43.f3 Bf5
44.Kf2 Bxg6 45.Ke3 Bf5 46.Nb4 Be6 47.Nd3 Bb3 48.Nc1 Bd1 49.Na2 Bc2 50.Kd2 Bg6
51.b3 Bf7 52.Nc1 Bd5 53.Ke3 g5 54.a4 b4 55.Nd3 Bxb3 56.a5  1/2-1/2

[Event "21st Open A"]
[Site "Bled SLO"]
[Date "2000.03.26"]
[Round "2"]
[White "Kos,T"]
[Black "Sveshnikov,E"]
[Result "0-1"]
[WhiteElo "2300"]
[BlackElo "2541"]

1.e4 c5 2.c3 Nf6 3.e5 Nd5 4.d4 cxd4 5.Qxd4 e6 6.Nf3 Nc6 7.Qe4 f5 8.Qe2 Qc7
9.g3 Nde7 10.Na3 Ng6 11.Nb5 Qb8 12.Bf4 a6 13.Nbd4 Nxd4 14.Nxd4 b5 15.Bg2 Bb7
16.O-O Be7 17.Rfd1 O-O 18.Rd3 Rc8 19.Rad1 Bxg2 20.Kxg2 Ra7 21.Nb3 Rc4 22.Rd4 Rac7
23.Kg1 Nf8 24.Be3 Rc8 25.f4 Qc7 26.h4 Rb8 27.Nd2 Rxd4 28.Bxd4 a5 29.Bf2 Qb7
30.Nb3 Qc7 31.Qe3 a4 32.Nd2 d6 33.exd6 Qxd6 34.Re1 b4 35.c4 Bf6 36.b3 Bc3
37.Re2 Rd8 38.Nf3 axb3 39.axb3 Qd1+ 40.Ne1 Qxb3 41.Qc5 Qd1 42.Kf1 b3 43.Qb6 Rd2
44.Rxd2 Bxd2 45.c5 Bxe1 46.Bxe1 Qd3+ 47.Kg1 Qc2  0-1

[Event "It"]
[Site "Tel Aviv ISR"]
[Date "2000.03.27"]
[Round "7"]
[White "Jonkman,H"]
[Black "Gofshtein,L"]
[Result "0-1"]
[WhiteElo "2446"]
[BlackElo "2580"]

1.e4 c5 2.c3 Nf6 3.e5 Nd5 4.Nf3 e6 5.d4 cxd4 6.cxd4 d6 7.a3 Bd7 8.Bd3 Bc6
9.O-O Nd7 10.b4 a6 11.Bg5 Be7 12.Bxe7 Qxe7 13.Nbd2 dxe5 14.dxe5 O-O 15.Re1 Nf4
16.Be4 Rfc8 17.Nc4 Bxe4 18.Rxe4 Nd5 19.Qd4 Rc6 20.h4 b5 21.Na5 Rc7 22.Rg4 Rd8
23.Ng5 f6 24.Nf3 f5 25.Rg3 N7b6 26.Nb3 Rc4 27.Qd2 Nf4 28.Qa2 Na4 29.Nbd4 Nc3
30.Qb2 Ne4 31.Rd1 Nxg3 32.fxg3 Nd5 33.Kh2 Ne3 34.Rd3 Ng4+ 35.Kg1 Qa7 36.Kf1 Nh2+
37.Ke2 Nxf3 38.Nc6 Rxd3 39.Nxa7 Rd2+ 40.Qxd2 Nxd2 41.Kxd2 Kf7  0-1

[Event "ch-LTU"]
[Site "Vilnius LTU"]
[Date "2000.03.27"]
[Round "3"]
[White "Slapikas,V"]
[Black "Cmilyte,V"]
[Result "0-1"]
[WhiteElo "2423"]
[BlackElo "2329"]

1.e4 c5 2.c3 Nf6 3.e5 Nd5 4.g3 d6 5.exd6 Qxd6 6.Bg2 Nc6 7.Na3 Bf5 8.Nb5 Qe6+
9.Qe2 Qxe2+ 10.Nxe2 O-O-O 11.d4 a6 12.Na3 cxd4 13.Nxd4 Nxd4 14.cxd4 e6 15.Be3 Kb8
16.Nc4 Rc8 17.Bxd5 exd5 18.Bf4+ Ka7 19.Ne3 Bd3 20.Kd2 Be4 21.Rhc1 Be7 22.h4 h6
23.a3 b6 24.Nd1 g5 25.hxg5 hxg5 26.Be3 Kb7 27.Ke2 Rcd8 28.f3 Bg6 29.Nf2 Bd6
30.Bxg5 Rde8+ 31.Be3 Bxg3 32.Rc3 Rh2 33.Rf1 f5 34.f4 Bxf4 35.Kf3 Bd6 36.Bf4 Bh5+
37.Kg3 Bxf4+ 38.Kxf4 Be2 39.Kg3 Reh8 40.Rfc1 f4+ 41.Kxf4 Rxf2+ 42.Ke5 Bc4  0-1

[Event "21st Open A"]
[Site "Bled SLO"]
[Date "2000.03.29"]
[Round "5"]
[White "Sveshnikov,E"]
[Black "Miroshnichenko,E"]
[Result "0-1"]
[WhiteElo "2541"]
[BlackElo "2465"]

1.e4 c5 2.c3 Nf6 3.e5 Nd5 4.Nf3 d6 5.d4 cxd4 6.Qxd4 e6 7.Nbd2 Nc6 8.Bb5 Bd7
9.Bxc6 Bxc6 10.Nc4 b5 11.Nxd6+ Bxd6 12.exd6 Qxd6 13.Bh6 O-O-O 14.Bxg7 Rhg8
15.Be5 Qe7 16.Bg3 f6 17.O-O-O e5 18.Qe4 Kb7 19.Qc2 Rc8 20.Rhe1 Qc5 21.Nd2 Rg4
22.Ne4 Qe7 23.f3 Rgg8 24.Qb3 Rgd8 25.Bf2 Ka8 26.Bc5 Qc7 27.Qa3 a5 28.Rd2 Nf4
29.Nd6 Rb8 30.Red1 Ne6 31.Bb4 a4 32.b3 Qa7 33.Kb1 h5 34.h4 Rd7 35.Qc1 Rbd8
36.Qc2 Qe3 37.Qf5 Nc5 38.Qxf6 axb3 39.axb3 Nxb3 40.Rd3 Qe2 41.Qe6 e4 42.fxe4 Rxd6
43.Bxd6 Bxe4 44.Qxb3 Bxd3+ 45.Kc1 Rxd6 46.Rd2 Qe1+ 47.Rd1 Qe3+ 48.Kb2 Qe2+
49.Kc1 Kb7 50.g3 Bc4  0-1

[Event "21st Open A"]
[Site "Bled SLO"]
[Date "2000.03.31"]
[Round "7"]
[White "Markovic,Iv YUG"]
[Black "Kutuzovic,B"]
[Result "1-0"]
[WhiteElo "2462"]
[BlackElo "2432"]

1.e4 c5 2.c3 Nf6 3.e5 Nd5 4.Nf3 e6 5.d4 cxd4 6.cxd4 b6 7.Bc4 Ba6 8.Bxd5 exd5
9.Nc3 Bb4 10.Qb3 Bxc3+ 11.bxc3 Bc4 12.Qc2 Qe7 13.Nd2 Ba6 14.Qa4 Qe6 15.Ba3 Bd3
16.O-O-O Nc6 17.Rhe1 Na5 18.Nb3 Nxb3+ 19.axb3 Bg6 20.Kb2 Qc6 21.Qa6 Qc8 22.Qxc8+ Rxc8
23.Bd6 a6 24.Ra1 a5 25.Re3 h5 26.Ra4 Bf5 27.c4 Be6 28.c5 bxc5 29.Bxc5 f6
30.Rxa5 Kf7 31.b4 Rb8 32.Ra7 f5 33.Bd6 Rb5 34.Rc3 f4 35.Ka3 Kg6 36.Ka4 Rb6
37.b5 Kf5 38.f3 g5 39.Ka5  1-0

[Event "55th ch-YUG"]
[Site "Subotica YUG"]
[Date "2000.03.31"]
[Round "13"]
[White "Kalezic,B"]
[Black "Mijailovic,Z"]
[Result "1/2-1/2"]
[WhiteElo "2403"]
[BlackElo "2394"]

1.e4 c5 2.c3 Nf6 3.d3 Nc6 4.f4 d6 5.Nf3 g6 6.g3 Bg7 7.Bg2 O-O 8.O-O Bg4 9.h3 Bxf3
10.Qxf3 Rc8 11.Be3 Nd7 12.a4 a6 13.g4 b5 14.axb5 axb5 15.g5 b4 16.h4 bxc3
17.bxc3 Qb6 18.Bh3 Rcd8 19.Ra2 Qb5 20.Qd1 e6 21.h5 Rfe8 22.hxg6 hxg6 23.Rd2 d5
24.exd5 exd5 25.Bf2 Ne7 26.Qf3 Nf8 27.Re2 d4 28.c4 Qc6 29.Nd2 Qxf3 30.Nxf3 Nc6
31.Rfe1 Rxe2 32.Rxe2 Nb4 33.Ne1 f5 34.gxf6 Bxf6 35.Bg2 Kf7 36.Be4 Ne6 37.Bxg6+ Kxg6
38.Rxe6 Rg8 39.Kf1 Kf5 40.Rb6 Rg4 41.Rb5 Be7 42.Ke2 Kxf4 43.Rb7 Bd6 44.Nf3 Rg6
45.Rf7+ Kg4 46.Nd2 Re6+ 47.Ne4 Be7 48.Bg3 Na2 49.Be1 Kh5 50.Rf5+ Kg6 51.Rd5 Kf7
52.Kd1 Rc6 53.Kc2 Ke6 54.Kb2 Nc3 55.Bxc3 dxc3+ 56.Kxc3 Rc7 57.Kb3 Rd7 58.Nc3 Bf6
59.Ne4 Rxd5 60.cxd5+ Kxd5 61.Nxf6+ Kd4  1/2-1/2

[Event "ch-LTU"]
[Site "Vilnius LTU"]
[Date "2000.04.01"]
[Round "8"]
[White "Slapikas,V"]
[Black "Bursteinas,R"]
[Result "1-0"]
[WhiteElo "2423"]
[BlackElo "2368"]

1.e4 c5 2.c3 Nf6 3.e5 Nd5 4.g3 d6 5.exd6 Qxd6 6.Bg2 Nc6 7.Ne2 Bg4 8.h3 Bh5
9.g4 Bg6 10.d4 O-O-O 11.O-O e5 12.Na3 cxd4 13.cxd4 exd4 14.Nb5 Qb4 15.Nbxd4 Nxd4
16.Qxd4 Qxd4 17.Nxd4 h5 18.Rd1 hxg4 19.hxg4 Bd6 20.Bg5 Bh2+ 21.Kf1 Nf6 22.f4 Nxg4
23.Rac1+ Kb8 24.Bxd8 Bxf4 25.Rc3 Bh5 26.Nf3 Nh2+ 27.Kg1 Ng4 28.Bg5 Bg3 29.Rd8+ Rxd8
30.Bxd8 b5 31.a3 f6 32.Be7 Bf7 33.Bh3 Nf2 34.Kg2 Ne4 35.Re3  1-0

[Event "19th Open"]
[Site "Reykjavik ISL"]
[Date "2000.04.07"]
[Round "3"]
[White "Schmitz,A"]
[Black "Thorfinnsson,Br"]
[Result "0-1"]
[WhiteElo "2159"]
[BlackElo "2260"]

1.e4 c5 2.c3 Nf6 3.e5 Nd5 4.d4 cxd4 5.cxd4 Nc6 6.Nf3 d6 7.Bc4 Nb6 8.Bb3 d5
9.h3 Bf5 10.Nc3 e6 11.Bg5 Qd7 12.Bc2 Bg6 13.Bxg6 hxg6 14.Rc1 Nc4 15.Qe2 a6
16.O-O b5 17.b3 N4a5 18.Nb1 Be7 19.Bxe7 Qxe7 20.Rc2 O-O 21.Rfc1 Rfc8 22.Qd2 Ra7
23.Qg5 Kf8 24.Qxe7+ Kxe7 25.g4 Rac7 26.Nc3 Nb4 27.Nxd5+ Nxd5 28.Rxc7+ Rxc7
29.Rxc7+ Nxc7 30.Nd2 Nc6  0-1

[Event "Estonian Club Cup 2nd leg"]
[Site "Tallinn EST"]
[Date "2000.04.07"]
[Round "?"]
[White "Cheutshenko,R"]
[Black "Kulaots,K"]
[Result "0-1"]
[WhiteElo "2347"]
[BlackElo "2499"]

1.e4 c5 2.c3 Nf6 3.e5 Nd5 4.Nf3 Nc6 5.d4 cxd4 6.Bc4 Nb6 7.Bb3 d5 8.exd6 Qxd6
9.O-O Be6 10.Bxe6 Qxe6 11.Nxd4 Nxd4 12.Qxd4 Rd8 13.Qh4 h5 14.h3 Qc4 15.Qg5 e6
16.Re1 Qd5 17.Qg3 Nc4 18.b3 Nd6 19.Bg5 Nf5 20.Qh2 Bd6 21.Bf4 Be7 22.c4 Qd3
23.Be5 Bb4 24.Rf1 f6 25.a3 Be7 26.Bc7 Rd7 27.Ra2 Qxb3 28.Rd2 Rxd2 29.Nxd2 Qd3
30.Nf3 Qxc4  0-1

[Event "Schloss Open"]
[Site "Werther GER"]
[Date "2000.04.14"]
[Round "1"]
[White "Mussgnug,O"]
[Black "Langheinrich,F"]
[Result "0-1"]
[WhiteElo "2055"]
[BlackElo "2325"]

1.e4 c5 2.c3 Nf6 3.e5 Nd5 4.d4 cxd4 5.Nf3 Nc6 6.Bc4 Nb6 7.Bb3 d5 8.exd6 Qxd6
9.cxd4 Be6 10.O-O Bxb3 11.Qxb3 e6 12.Nc3 Be7 13.a4 O-O 14.a5 Nd5 15.Ne4 Qd7
16.Bd2 Rfd8 17.Nc5 Nxd4 18.Nxd4 Bxc5 19.Nf3 Rac8 20.Ra4 Be7 21.Rg4 Bf6 22.h4 a6
23.Bg5 h5 24.Bxf6 hxg4 25.Ne5 Qc7 26.Bxd8 Qxe5 27.Bg5 Rc7 28.g3 Qe4 29.Bd8 Rc8
30.Bg5 Qb4 31.Qxb4 Nxb4 32.Rc1 Rxc1+ 33.Bxc1 Nd3 34.Bd2 Nxb2 35.Kf1 Nc4 36.Bb4 b6
37.axb6 Nxb6 38.Ke2 Nd5 39.Ba5 f6 40.Kd3 Kf7 41.Kd4 Ke7 42.Ke4 g6 43.f3 f5+  0-1

[Event "53rd ch-YUG (women)"]
[Site "Herceg Novi YUG"]
[Date "2000.04.16"]
[Round "7"]
[White "Ivanovic,J"]
[Black "Prudnikova,S"]
[Result "0-1"]
[WhiteElo "2078"]
[BlackElo "2421"]

1.e4 c5 2.c3 Nf6 3.e5 Nd5 4.d4 cxd4 5.Nf3 Nc6 6.Bc4 Nb6 7.Bb3 d5 8.cxd4 Bg4
9.Be3 e6 10.O-O Be7 11.Nc3 O-O 12.Rc1 f6 13.exf6 Rxf6 14.h3 Bxf3 15.gxf3 Bd6
16.Bc2 Qe8 17.Kg2 Ne7 18.Ne2 Qh5 19.Ng3 Qh4 20.f4 g6 21.Ne2 Raf8 22.Qe1 Nc4
23.b3 g5 24.bxc4 gxf4 25.Bxf4 Bxf4 26.Nxf4 Qxf4 27.Qe3 Ng6 28.Bxg6 Rxg6+
29.Kh1 Qxe3 30.fxe3 Rxf1+ 31.Rxf1 dxc4 32.Rb1 Rg7 33.a4 Rc7 34.Kg2 Kf8 35.Kf2 Ke7
36.e4 Kd6 37.Ke3 e5 38.d5 Rg7 39.h4 b6 40.a5 Kc5 41.axb6 axb6 42.Rd1 Rg6
43.h5  0-1

[Event "53rd ch-YUG (women)"]
[Site "Herceg Novi YUG"]
[Date "2000.04.18"]
[Round "9"]
[White "Petronic,J"]
[Black "Prudnikova,S"]
[Result "0-1"]
[WhiteElo "2423"]
[BlackElo "2421"]

1.e4 c5 2.c3 Nf6 3.e5 Nd5 4.g3 Nc6 5.Bg2 Qc7 6.d4 cxd4 7.f4 e6 8.Bxd5 exd5
9.Nf3 d6 10.cxd4 dxe5 11.fxe5 Bg4 12.Be3 Bb4+ 13.Kf2 Qd7 14.a3 Ba5 15.Nbd2 Bxd2
16.Qxd2 Qf5 17.Qe2 f6 18.h3 Bxf3 19.Qxf3 Qxf3+ 20.Kxf3 fxe5 21.dxe5 O-O+
22.Ke2 Rf5 23.Bf4 Re8 24.h4 Nxe5 25.Bxe5 Rfxe5+ 26.Kd3 Re3+ 27.Kd4 Rxg3 28.Rac1 Rge3
29.Kxd5 Rd8+ 30.Kc5 Re5+ 31.Kc4 Re4+ 32.Kc5 h6 33.Rcf1 g6 34.b4 Red4 35.Kb5 R8d5+
36.Ka4 Rd3 37.Ra1 Kg7 38.Rhc1 Rd7 39.Rc5 R3d5 40.Kb5 Rxc5+ 41.bxc5 Rd4 42.Re1 Kf6
43.Rf1+ Ke6 44.Re1+ Kd7 45.Rg1 Kc7 46.Rxg6 a6+ 47.Ka5 Rxh4 48.a4 Rh1 49.Rf6 Rh5
50.Kb4 Rh1 51.Ka5 h5 52.Rh6 h4 53.Kb4 h3 54.Ka5 h2 55.Rh7+ Kc6 56.Rh5 Kd7
57.Rh7+ Ke6 58.Rh5 Kf6 59.c6 bxc6 60.Kxa6 c5 61.Rxc5 Ra1 62.Rh5 Rxa4+ 63.Kb5 Ra2
64.Kc4 Kg6 65.Rh8 Kf5 66.Kd3 Kf4 67.Rh7 Kf3  0-1

[Event "ch-EST"]
[Site "Tallinn EST"]
[Date "2000.05.04"]
[Round "6"]
[White "Cheutshenko,R"]
[Black "Rytshagov,M"]
[Result "1-0"]
[WhiteElo "2347"]
[BlackElo "2542"]

1.e4 c5 2.c3 Nf6 3.e5 Nd5 4.d4 cxd4 5.Nf3 Nc6 6.Bc4 Nb6 7.Bb3 d5 8.exd6 Qxd6
9.O-O Be6 10.Bxe6 Qxe6 11.Nxd4 Nxd4 12.Qxd4 Rd8 13.Qh4 Qe2 14.Bd2 h5 15.h3 Nc4
16.Re1 Qd3 17.Bc1 f6 18.b3 Nb6 19.Be3 e5 20.Nd2 Be7 21.Ne4 Rd7 22.Qg3 O-O
23.Qg6 Rf7 24.Qf5 Bf8 25.Bxb6 axb6 26.Qxh5 Qd5 27.b4 Qc6 28.Re3 b5 29.Ng3 Rd8
30.Nf5 Qe6 31.Rg3 g5 32.Qg6+ Bg7 33.Rxg5  1-0

[Event "ch-EST"]
[Site "Tallinn EST"]
[Date "2000.05.04"]
[Round "6"]
[White "Kiik,K"]
[Black "Kulaots,K"]
[Result "0-1"]
[WhiteElo "2445"]
[BlackElo "2499"]

1.e4 c5 2.c3 Nf6 3.e5 Nd5 4.d4 cxd4 5.Nf3 Nc6 6.Bc4 Nb6 7.Bb3 d5 8.exd6 Qxd6
9.O-O Be6 10.Bxe6 Qxe6 11.a4 Rd8 12.a5 dxc3 13.Qc2 Nb4 14.Qxc3 N6d5 15.Qb3 Qa6
16.Nc3 e6 17.Nxd5 Rxd5 18.Bd2 Nc6 19.Bc3 Be7 20.Rad1 Rxd1 21.Rxd1 O-O 22.Rd7 b5
23.axb6 axb6 24.g3 b5 25.Ne5 Rd8 26.Qd1 Qc8 27.Qh5 g6 28.Qh6 Bf8 29.Qd2 Bg7
30.Rxd8+ Nxd8 31.Qd6 h5 32.Nd7 Nb7 33.Qe7 Qd8 34.Nf6+ Bxf6 35.Qxb7 Bxc3 36.bxc3 Qd1+
37.Kg2 Qd5+ 38.Qxd5 exd5 39.Kf3 Kf8 40.Kf4 f6 41.Ke3 Ke7  0-1

[Event "New York Open"]
[Site "New York USA"]
[Date "2000.05.05"]
[Round "1"]
[White "Colding,E"]
[Black "Grischuk,A"]
[Result "0-1"]
[WhiteElo "2208"]
[BlackElo "2581"]

1.e4 c5 2.c3 Nf6 3.e5 Nd5 4.d4 cxd4 5.cxd4 d6 6.Bc4 Nb6 7.Bb5+ Nc6 8.d5 a6
9.e6 axb5 10.exf7+ Kxf7 11.dxc6 bxc6 12.Nf3 Qd7 13.O-O e5 14.Nc3 Be7 15.Re1 Qd8
16.Ne4 h6 17.Qc2 Qc7 18.b3 Rf8 19.Bb2 Kg8 20.a4 bxa4 21.bxa4 Bg4 22.Nfd2 Kh8
23.Rac1 Rac8 24.a5 Nd5 25.Ng3 Rxf2 26.Ngf1 Qa7 27.Kh1 Nf4 28.Qb3 Rb8  0-1

[Event "ch-RUS Women"]
[Site "Elista RUS"]
[Date "2000.05.14"]
[Round "4"]
[White "Kharashkina,B"]
[Black "Kursova,M"]
[Result "1/2-1/2"]
[WhiteElo "2090"]
[BlackElo "2091"]

1.e4 c5 2.c3 Nf6 3.e5 Nd5 4.Nf3 e6 5.d4 cxd4 6.cxd4 d6 7.Bc4 Nb6 8.Bb3 dxe5
9.dxe5 Qxd1+ 10.Bxd1 Nc6 11.O-O Bd7 12.Nc3 Nc4 13.Re1 Nb4 14.Be2 Rc8 15.Rd1 Be7
16.a3 Na6 17.Ne4 Nc5 18.Nxc5 Rxc5 19.Bf4 Nb6 20.Be3 Rc2 21.Rd2 Rxd2 22.Nxd2 Bc6
23.Nc4 Nxc4 24.Bxc4 b5 25.Bb3 a6 26.a4 Kd7 27.axb5 Bxb5 28.Ba4 Kc6 29.Bd1 Rd8
30.Bf3+ Kc7 31.g3 Kb8 32.Rc1 Rd7 33.Be4 h6 34.h4 Rc7 35.Rxc7 Kxc7 36.f4 Bc6
37.Bd3 a5 38.Kf2 Bd5 39.h5 a4  1/2-1/2

[Event "It"]
[Site "Sisak CRO"]
[Date "2000.05.17"]
[Round "1"]
[White "Kos,T"]
[Black "Franic,M"]
[Result "1/2-1/2"]
[WhiteElo "2300"]
[BlackElo "2386"]

1.e4 c5 2.c3 Nf6 3.e5 Nd5 4.d4 cxd4 5.Qxd4 e6 6.Nf3 Nc6 7.Qe4 f5 8.Qe2 Bc5
9.b4 Be7 10.a3 a5 11.b5 Nb8 12.c4 Nb6 13.Be3 Na4 14.g3 b6 15.Bg2 Bb7 16.O-O Ra7  1/2-1/2

[Event "It"]
[Site "Sisak CRO"]
[Date "2000.05.18"]
[Round "3"]
[White "Kos,T"]
[Black "Videki,S"]
[Result "1/2-1/2"]
[WhiteElo "2300"]
[BlackElo "2439"]

1.e4 c5 2.c3 Nf6 3.e5 Nd5 4.d4 cxd4 5.Nf3 Nc6 6.Bc4 Nb6 7.Bb3 g6 8.Ng5 d5
9.cxd4 f6 10.Nf3 Bg7 11.exf6 exf6 12.O-O O-O 13.h3 Bf5 14.Nc3 Na5 15.Bc2 Bxc2
16.Qxc2 Qd6 17.b3 Rac8 18.Qd3 a6 19.Bd2 Nc6 20.Rae1 Rfe8  1/2-1/2

[Event "Open"]
[Site "Pula CRO"]
[Date "2000.05.19"]
[Round "4"]
[White "Medak,B"]
[Black "Fercec,N"]
[Result "0-1"]
[WhiteElo "2253"]
[BlackElo "2464"]

1.e4 c5 2.c3 Nf6 3.e5 Nd5 4.g3 d6 5.exd6 Qxd6 6.Bg2 Nc6 7.Ne2 Bf5 8.O-O Bd3
9.Re1 g5 10.Na3 h5 11.Qb3 O-O-O 12.Qa4 Nb6 13.Qb3 h4 14.Qxf7 Ne5 15.Qb3 Qf6
16.Nb5 Kb8 17.a4 h3 18.a5 hxg2  0-1